Tierra de Hombres sin Hombres : Sin Fronteras /

محفوظ في:
التفاصيل البيبلوغرافية
المؤلف الرئيسي: Chavarría Carrillo, Héctor, 1948-
التنسيق: غير معروف
اللغة:Spanish
منشور في: San José, Costa Rica : Presbere, 1986.
سلاسل:(Colección Literatura. Serie Testimonio)
الموضوعات:
الوسوم: إضافة وسم
لا توجد وسوم, كن أول من يضع وسما على هذه التسجيلة!

MARC

LEADER 000000000a22000000004500
001 003204
020 |a 9977-940-03-7 
041 0 |a spa 
082 0 4 |a 860   |b Ch512t 
100 1 |a Chavarría Carrillo, Héctor,   |d 1948- 
245 1 0 |a Tierra de Hombres sin Hombres :   |b Sin Fronteras /   |c Héctor Chavarría Carrillo. 
260 1 |a San José, Costa Rica :   |b Presbere,   |c 1986. 
300 |a 92 páginas 
490 |a (Colección Literatura. Serie Testimonio) 
650 4 |a LITERATURA COSTARRICENSE 
650 4 |a CUENTOS 
999 |c 9488  |d 9488 
942 |c BK  |h 860 Ch512t  |2 z